Gently Falls the Bakula (Record no. 369909)

MARC details
000 -LEADER
fixed length control field 00434nam a2200169 4500
005 - DATE AND TIME OF LATEST TRANSACTION
control field 20260117161038.0
008 - FIXED-LENGTH DATA ELEMENTS--GENERAL INFORMATION
fixed length control field 260117b |||||||| |||| 00| 0 eng d
020 ## - INTERNATIONAL STANDARD BOOK NUMBER
International Standard Book Number 978-0-143-10377-6
041 ## - LANGUAGE CODE
Language code of text/sound track or separate title English
082 ## - DEWEY DECIMAL CLASSIFICATION NUMBER
Classification number X 823.954 MUR
Item number B12185
100 ## - MAIN ENTRY--PERSONAL NAME
Author Murty, Sudha
245 ## - TITLE STATEMENT
Title Gently Falls the Bakula
260 ## - PUBLICATION, DISTRIBUTION, ETC.
Place of publication, distribution, etc. Haryana
Name of publisher, distributor, etc. Penguin Books
Date of publication, distribution, etc. 2025
300 ## - PHYSICAL DESCRIPTION
Extent 169p
Other physical details pb
365 ## - TRADE PRICE
Price type code rupaye
Price amount 216
Currency code INR
942 ## - ADDED ENTRY ELEMENTS (KOHA)
Koha item type Books
Holdings
Withdrawn status Lost status Source of classification or shelving scheme Damaged status Not for loan Collection code Home library Current library Date acquired Vendor Net Price Bill number Total Checkouts Full call number Barcode Date last seen Date last checked out Actual Price Bill Date Koha item type Original Barcode
    Dewey Decimal Classification     Fiction Smt. Bakul Tambat Institute of Nursing Education Smt. Bakul Tambat Institute of Nursing Education 30/12/2025 Amazon(online) 171-1436373-4854766 216.00 HYD8-7647659 2 X 823.954 MUR B12185 BTIN-BK-12185 11/03/2026 04/03/2026 216.00 30/12/2025 Books BTIN-BK-12185